<?xml version="1.0" encoding="UTF-8"?>
<collection xmlns="http://www.loc.gov/MARC21/slim">
 <record>
  <leader>01645nam a22003137a 4500</leader>
  <controlfield tag="001">40798</controlfield>
  <controlfield tag="003">BD-DhAAL</controlfield>
  <controlfield tag="005">20230207154805.0</controlfield>
  <controlfield tag="008">230207t20192018bg ||||| |||| 00| 0 ben d</controlfield>
  <datafield tag="020" ind1=" " ind2=" ">
   <subfield code="a">9789849333111</subfield>
  </datafield>
  <datafield tag="040" ind1=" " ind2=" ">
   <subfield code="a">BD-DhAAL</subfield>
   <subfield code="c">BD-DhAAL</subfield>
  </datafield>
  <datafield tag="041" ind1=" " ind2=" ">
   <subfield code="a">ben</subfield>
  </datafield>
  <datafield tag="082" ind1=" " ind2=" ">
   <subfield code="a">891.44</subfield>
   <subfield code="2">23</subfield>
  </datafield>
  <datafield tag="100" ind1=" " ind2=" ">
   <subfield code="a">শহিদুল্লাহ, রুদ্র মুহম্মদ</subfield>
   <subfield code="9">10939</subfield>
  </datafield>
  <datafield tag="245" ind1=" " ind2=" ">
   <subfield code="a">রুদ্রসমগ্র /</subfield>
   <subfield code="c">রুদ্র মুহম্মদ শহিদুল্লাহ; ভূমিকা মুহম্মদ নূরুল হুদা; সম্পাদনা হিমেল বরকত</subfield>
  </datafield>
  <datafield tag="246" ind1=" " ind2=" ">
   <subfield code="a">Ruddro shomoggro</subfield>
  </datafield>
  <datafield tag="260" ind1=" " ind2=" ">
   <subfield code="a">ঢাকা :</subfield>
   <subfield code="b">মাওলা ব্রাদার্স,</subfield>
   <subfield code="c">২০১৮ [দ্বিতীয় মুদ্রণ ২০১৯]</subfield>
  </datafield>
  <datafield tag="300" ind1=" " ind2=" ">
   <subfield code="a">৯৬৮ পৃষ্ঠা ;</subfield>
   <subfield code="c">২৩ সে.মি.</subfield>
  </datafield>
  <datafield tag="526" ind1=" " ind2=" ">
   <subfield code="a">GenEd (Residential Campus)</subfield>
  </datafield>
  <datafield tag="541" ind1=" " ind2=" ">
   <subfield code="a">Development Book Agency</subfield>
   <subfield code="e">40798, 40790</subfield>
  </datafield>
  <datafield tag="650" ind1=" " ind2=" ">
   <subfield code="a">Bengali literature.</subfield>
  </datafield>
  <datafield tag="650" ind1=" " ind2=" ">
   <subfield code="a">Bengali poetry.</subfield>
  </datafield>
  <datafield tag="700" ind1=" " ind2=" ">
   <subfield code="a">হুদা, মুহম্মদ নূরুল</subfield>
  </datafield>
  <datafield tag="700" ind1=" " ind2=" ">
   <subfield code="a">বরকত, হিমেল</subfield>
  </datafield>
  <datafield tag="852" ind1=" " ind2=" ">
   <subfield code="a">Ayesha Abed Library</subfield>
   <subfield code="c">General Stacks</subfield>
  </datafield>
  <datafield tag="942" ind1=" " ind2=" ">
   <subfield code="2">ddc</subfield>
   <subfield code="c">BK</subfield>
  </datafield>
  <datafield tag="999" ind1=" " ind2=" ">
   <subfield code="c">45481</subfield>
   <subfield code="d">45481</subfield>
  </datafield>
  <datafield tag="952" ind1=" " ind2=" ">
   <subfield code="0">0</subfield>
   <subfield code="1">0</subfield>
   <subfield code="2">ddc</subfield>
   <subfield code="4">0</subfield>
   <subfield code="6">891_440000000000000_SHA</subfield>
   <subfield code="7">0</subfield>
   <subfield code="9">73128</subfield>
   <subfield code="a">SCL</subfield>
   <subfield code="b">SCL</subfield>
   <subfield code="c">GEN</subfield>
   <subfield code="d">2023-02-07</subfield>
   <subfield code="e">Development Book Agency</subfield>
   <subfield code="g">704.00</subfield>
   <subfield code="l">3</subfield>
   <subfield code="m">11</subfield>
   <subfield code="o">891.44 SHA</subfield>
   <subfield code="p">3020040799</subfield>
   <subfield code="r">2024-12-24</subfield>
   <subfield code="s">2024-11-10</subfield>
   <subfield code="t">2</subfield>
   <subfield code="v">704.00</subfield>
   <subfield code="w">2023-02-07</subfield>
   <subfield code="y">BK</subfield>
  </datafield>
  <datafield tag="952" ind1=" " ind2=" ">
   <subfield code="0">0</subfield>
   <subfield code="1">0</subfield>
   <subfield code="2">ddc</subfield>
   <subfield code="4">0</subfield>
   <subfield code="6">891_440000000000000_SHA</subfield>
   <subfield code="7">0</subfield>
   <subfield code="9">73129</subfield>
   <subfield code="a">SCL</subfield>
   <subfield code="b">SCL</subfield>
   <subfield code="c">GEN</subfield>
   <subfield code="d">2023-02-07</subfield>
   <subfield code="e">Development Book Agency</subfield>
   <subfield code="g">704.00</subfield>
   <subfield code="l">3</subfield>
   <subfield code="m">2</subfield>
   <subfield code="o">891.44 SHA</subfield>
   <subfield code="p">3020040798</subfield>
   <subfield code="r">2025-05-11</subfield>
   <subfield code="s">2025-05-06</subfield>
   <subfield code="t">1</subfield>
   <subfield code="v">704.00</subfield>
   <subfield code="w">2023-02-07</subfield>
   <subfield code="y">BK</subfield>
  </datafield>
 </record>
</collection>
